
Library Catalogue

| 000 -LEADER | |
|---|---|
| fixed length control field | 00671nam a2200193Ia 4500 |
| 003 - CONTROL NUMBER IDENTIFIER | |
| control field | OSt |
| 005 - DATE AND TIME OF LATEST TRANSACTION | |
| control field | 20251124141813.0 |
| 008 - FIXED-LENGTH DATA ELEMENTS--GENERAL INFORMATION | |
| fixed length control field | 210518s1997 xx 000 0 und d |
| 040 ## - CATALOGING SOURCE | |
| Transcribing agency | nls |
| 100 ## - MAIN ENTRY--PERSONAL NAME | |
| Personal name | Archana Mehendale |
| 245 ## - TITLE STATEMENT | |
| Title | Elimination of Child Labour : |
| 245 ## - TITLE STATEMENT | |
| Remainder of title | A Study Role of Law and Non-Governmental Organizations from a Perspective of the Rights of the Child |
| 260 ## - PUBLICATION, DISTRIBUTION, ETC. | |
| Place of publication, distribution, etc. | Bangalore |
| Name of publisher, distributor, etc. | NLSIU |
| Date of publication, distribution, etc. | 1997 |
| 300 ## - PHYSICAL DESCRIPTION | |
| Extent | 354p |
| 520 ## - SUMMARY, ETC. | |
| Summary, etc. | Child labour - India |
| -- | Child Labour - Problem and Methodology |
| -- | Protecting Rights of the Child - India |
| 700 ## - ADDED ENTRY--PERSONAL NAME | |
| Personal name | Dr. B R Patil - Guide |
| 856 ## - ELECTRONIC LOCATION AND ACCESS | |
| Uniform Resource Identifier | <a href="https://dans.nls.ac.in/handle/123456789/359">https://dans.nls.ac.in/handle/123456789/359</a> |
| 942 ## - ADDED ENTRY ELEMENTS (KOHA) | |
| Source of classification or shelving scheme | Dewey Decimal Classification |
| Koha item type | Thesis |
| Withdrawn status | Lost status | Damaged status | Not for loan | Home library | Current library | Shelving location | Date acquired | Total Checkouts | Barcode | Date last seen | Price effective from | Koha item type |
|---|---|---|---|---|---|---|---|---|---|---|---|---|
| . | . | 21.05.2018 | PhD013 | 21.05.2018 | 21.05.2018 | Thesis |